Three Plays: Song of a Goat, The Masquerade, The Raft (Record no. 4703)

MARC details
000 -LEADER
fixed length control field 00466nam a22001577a 4500
008 - FIXED-LENGTH DATA ELEMENTS--GENERAL INFORMATION
fixed length control field 260424b |||||||| |||| 00| 0 eng d
020 ## - INTERNATIONAL STANDARD BOOK NUMBER
ISBN 9789780693626
100 ## - MAIN ENTRY--AUTHOR
Author J. P. Clark
245 ## - TITLE STATEMENT
Title Three Plays: Song of a Goat, The Masquerade, The Raft
260 ## - PUBLICATION, DISTRIBUTION, ETC. (IMPRINT)
Place of publication Ibadan
Name of publisher University Press Plc,
Date of publication 2009
300 ## - COLLATION
Pagination 158p.
650 ## - TRACINGS
Main Subject English Literature
Subdivision (1st) Tragedy and existential themes—Drama
942 ## - ADDED ENTRY ELEMENTS (KOHA)
Item type Books
050 ## - LIBRARY OF CONGRESS CALL NUMBER
Classification number PR9387.2
Item number PR9387.2
Holdings
Source of classification or shelving scheme Not for loan Permanent location Current location Date acquired Accession No. Full call number Barcode. Copy number Koha item type
Library of Congress Classification   Samuel Ogbemudia Main Library, University of Abuja Samuel Ogbemudia Main Library, University of Abuja 04/24/2026 2026/71874-78 PR9387.2 .C53 2026-0197 5 Books